| Tag |
First Indicator |
Second Indicator |
Subfields |
| LEADER |
00000cam a22000008a 4500 |
| 001 |
in00000830201 |
| 005 |
20151019050349.0 |
| 008 |
800611s1980 dcua b f00010 eng d |
| 010 |
|
|
|a gp 83003152
|
| 010 |
|
|
|a 80607915
|
| 035 |
|
|
|a (OCoLC)06491003
|
| 035 |
|
|
|9 ADY4339AM
|
| 040 |
|
|
|a DLC
|c DLC
|d m.c.
|d GPO
|d UtOrBLW
|
| 050 |
|
0 |
|a TN23
|b .U43
|
| 074 |
|
|
|a 637-A
|
| 082 |
0 |
|
|a 622 s
|a 622/34623
|
| 086 |
0 |
|
|a I 28.23:8497
|
| 100 |
1 |
|
|a Elger, G. W.
|
| 245 |
1 |
0 |
|a Preparation and chlorination of titanium carbide from domestic titaniferous ores /
|c by G.W. Elger, W.L. Hunter, and J.E. Mauser.
|
| 264 |
|
1 |
|a [Washington, D.C.?] :
|b U.S. Dept. of the Interior, Bureau of Mines,
|c 1980.
|
| 300 |
|
|
|a ii, 20 pages :
|b illustrations ;
|c 27 cm.
|
| 336 |
|
|
|a text
|b txt
|2 rdacontent
|
| 337 |
|
|
|a unmediated
|b n
|2 rdamedia
|
| 338 |
|
|
|a volume
|b nc
|2 rdacarrier
|
| 490 |
1 |
|
|a Report of investigations ;
|v 8497
|
| 504 |
|
|
|a Includes bibliographical references.
|
| 650 |
|
0 |
|a Titanium carbide.
|
| 650 |
|
0 |
|a Chlorination.
|
| 650 |
|
0 |
|a Titanium ores.
|
| 700 |
1 |
|
|a Hunter, W. L.
|q (Willard L.)
|
| 700 |
1 |
|
|a Mauser, J. E.
|q (James E.)
|
| 710 |
1 |
|
|a United States.
|b Bureau of Mines.
|
| 830 |
|
0 |
|a Report of investigations (United States. Bureau of Mines) ;
|v 8497.
|
| 999 |
|
|
|a MARS
|
| 999 |
f |
f |
|s aef6902e-6ecb-31f9-b5e1-db9928c33913
|i f5104c10-d811-3ff3-8822-fef1a34c4318
|t 0
|
| 952 |
f |
f |
|a Texas A&M University
|b College Station
|c Sterling C. Evans Library
|d Evans: US Documents (Annex 5th floor)
|t 0
|e I 28.23:8496-8508
|h Superintendent of Documents classification
|
| 998 |
f |
f |
|a I 28.23:8496-8508
|t 0
|l Evans: US Documents (Annex 5th floor)
|